000 00350nam a2200133Ia 4500
082 _a617.695
_bD2001C
100 _aROBERT G.GRAIG
245 _aDENTAL MATERIALS : PROPERTIES AND MANIPULATIONS
250 _a7TH
260 _bHARCOURT INDIA PRIVATE LIMITED
_aST.LOUIS.MISSOURI
_c2001
300 _a1-327
650 _aDENTAL MATERIAL
942 _2ddc
_cBK
999 _c2571
_d2571